[Event "National Open"]
[Site "Las Vegas USA"]
[Date "2010.06.12"]
[Round "4"]
[White "Troff,Kayden"]
[Black "Haessel,D"]
[Result "0-1"]
[WhiteElo "2201"]
[BlackElo "2207"]

1.d4 Nf6 2.c4 g6 3.Nc3 d5 4.cxd5 Nxd5 5.e4 Nxc3 6.bxc3 Bg7 7.Bg5 c5 8.Rc1 O-O
9.d5 f5 10.Bc4 Kh8 11.f3 Nd7 12.d6 Bf6 13.Bh6 Bg7 14.Bg5 Bf6 15.Bh6 exd6
16.Bxf8 Qxf8 17.exf5 Ne5 18.Be6 Qe7 19.Ne2 Bh4+ 20.g3 Bxe6 21.fxe6 Nxf3+
22.Kf2 Rf8 23.Kg2 Bg5 24.Rf1 Bxc1 25.Qxc1 Ne5 26.Nf4 Kg8 27.h4 b6 28.Qd2 Nc4
29.Qe2 Rf5 30.Qe4 d5 31.Nxd5 Rxd5 32.Rf7 Rd2+ 33.Kh3 Nd6 34.Qe3 Nxf7 35.exf7+ Kxf7
36.Qxd2 Qe6+ 37.Kh2 Kg7 38.Qb2 b5 39.Qf2 Qd5 40.Qe2 Kf6 41.a3 Qe6 42.Qd2 Ke7
43.Qg5+ Kd6 44.Qd8+ Kc6 45.Qa8+ Kb6 46.Qd8+ Kb7 47.Qh8 h5 48.Qd8 Qe2+ 49.Kh3 Qf1+
50.Kh2 Qe2+ 51.Kh3 Qe6+ 52.Kh2 a5 53.Qd3 Kc6 54.Qf3+ Kd6 55.Qd3+ Kc6 56.Qf3+ Qd5
57.Qf6+ Qd6 58.Qf3+ Kb6 59.Qe3 Kc7 60.Qf2 b4 61.axb4 axb4 62.c4 Kb6 63.Qc2 Qe6
64.Kg2 Qf5 65.Qb3 Qe5 66.Qc2 Qf5 67.Qb3 Qe4+ 68.Kh2 Qe2+ 69.Kh3 Ka5 70.Qb1 Qxc4
71.Qa1+ Kb5 72.Qe1 b3 73.Qe8+ Kb4 74.Qe1+ Qc3 75.Qe4+ Qd4 76.Qe1+ Ka3 77.Qa5+ Kb2
78.Qe1 c4 79.Qe2+ Ka3 80.Qe7+ Ka2 81.Qe2+ b2 82.Qc2 c3 83.Qg2 Qd7+ 84.Kh2 Qd2  0-1

[Event "National Open"]
[Site "Las Vegas USA"]
[Date "2010.06.13"]
[Round "6"]
[White "Alvarez,Er USA"]
[Black "Zaczek,J"]
[Result "1-0"]
[WhiteElo "2258"]
[BlackElo "2092"]

1.d4 Nf6 2.c4 g6 3.Nc3 d5 4.cxd5 Nxd5 5.e4 Nxc3 6.bxc3 Bg7 7.Bb5+ c6 8.Ba4 O-O
9.Ne2 c5 10.O-O Nc6 11.Be3 Qc7 12.Rc1 Rd8 13.h3 Bd7 14.f4 Na5 15.f5 Nc4 16.Bf4 Qa5
17.Bb3 Bb5 18.fxg6 hxg6 19.Qd3 Ne5 20.Qe3 Bxe2 21.Qxe2 cxd4 22.Bxe5 Qxe5
23.Bxf7+ Kh7 24.Bxg6+  1-0

[Event "14th FIDE Open"]
[Site "Voronezh RUS"]
[Date "2010.06.13"]
[Round "2"]
[White "Goroshilov,V"]
[Black "Petukhov,D"]
[Result "0-1"]
[WhiteElo "2082"]
[BlackElo "2286"]

1.d4 Nf6 2.c4 g6 3.Nc3 d5 4.cxd5 Nxd5 5.e4 Nxc3 6.bxc3 Bg7 7.Be3 O-O 8.Nf3 c5
9.Qd2 Qa5 10.Rb1 a6 11.Rc1 Rd8 12.Be2 Nc6 13.d5 e6 14.Bg5 f6 15.Bf4 e5 16.Bh6 Qa4
17.Bxg7 Kxg7 18.Qc2 Qxc2 19.Rxc2 Ne7 20.Nd2 Bd7 21.Nc4 Nc8 22.Rb2 b5 23.Ne3 Nd6
24.f3 f5 25.Bd3 f4 26.Nf1 c4 27.Be2 a5 28.g3 b4 29.gxf4  0-1

[Event "ch-NED"]
[Site "Eindhoven NED"]
[Date "2010.06.16"]
[Round "5"]
[White "Giri,A"]
[Black "Bok,B"]
[Result "1-0"]
[WhiteElo "2642"]
[BlackElo "2430"]

1.d4 Nf6 2.c4 g6 3.Nc3 d5 4.cxd5 Nxd5 5.e4 Nxc3 6.bxc3 Bg7 7.Bc4 c5 8.Ne2 Nc6
9.Be3 O-O 10.O-O Na5 11.Bd3 b6 12.Qd2 e5 13.Bh6 cxd4 14.cxd4 exd4 15.Bxg7 Kxg7
16.f4 f6 17.f5 Nc6 18.Bb5 Ne5 19.Nxd4 a6 20.Ba4 Qe7 21.Rac1 Rd8 22.Bb3 Ra7
23.Be6 Bb7 24.Bd5 Bc8 25.Be6 Bb7 26.Qe3 Qd6 27.fxg6 hxg6 28.Rfd1 Qe7 29.Bh3 Kh7
30.Qf2 Nc6 31.Qh4+ Kg8 32.Nxc6 Rxd1+ 33.Rxd1 Bxc6 34.e5 Bd7 35.Qc4+ Kh8 36.Bxd7 Rxd7
37.Qc8+  1-0

[Event "Open"]
[Site "Teplice CZE"]
[Date "2010.06.17"]
[Round "6"]
[White "Ivanov,MM"]
[Black "Bernasek,J"]
[Result "1-0"]
[WhiteElo "2480"]
[BlackElo "2495"]

1.d4 Nf6 2.c4 g6 3.Nc3 d5 4.cxd5 Nxd5 5.e4 Nxc3 6.bxc3 Bg7 7.Be3 c5 8.Qd2 Qa5
9.Nf3 Nc6 10.Rb1 cxd4 11.cxd4 O-O 12.Qxa5 Nxa5 13.Bb5 b6 14.Rc1 Bb7 15.d5 f5
16.Bd7 fxe4 17.Be6+ Kh8 18.Ng5 Bc8 19.Nf7+ Kg8 20.Rxc8 Rfxc8 21.Nd6+ Kf8
22.Nxc8 Bf6 23.Ke2 Nc4 24.Bd7 Bg7  1-0

[Event "ch-NED"]
[Site "Eindhoven NED"]
[Date "2010.06.18"]
[Round "7"]
[White "Giri,A"]
[Black "Nijboer,F"]
[Result "1/2-1/2"]
[WhiteElo "2642"]
[BlackElo "2567"]

1.d4 Nf6 2.c4 g6 3.Nc3 d5 4.cxd5 Nxd5 5.e4 Nxc3 6.bxc3 Bg7 7.Be3 c5 8.Nf3 Qa5
9.Qd2 Bg4 10.Rb1 Nd7 11.Bd3 O-O 12.Ng5 Nb6 13.Rb5 Qa3 14.Rb3 Qa5 15.Rb5 Qa3
16.Rb3 Qa5 17.dxc5 Na4 18.O-O  1/2-1/2

[Event "45th Capablanca Mem Open"]
[Site "Havana CUB"]
[Date "2010.06.19"]
[Round "9"]
[White "Olivares Canelles,Francisco"]
[Black "Aguero Jimenez,L"]
[Result "0-1"]
[WhiteElo "2328"]
[BlackElo "2409"]

1.d4 Nf6 2.c4 g6 3.Nc3 d5 4.cxd5 Nxd5 5.e4 Nxc3 6.bxc3 Bg7 7.Bc4 c5 8.Ne2 O-O
9.O-O Nc6 10.Be3 Bg4 11.f3 Na5 12.Bxf7+ Rxf7 13.fxg4 Rxf1+ 14.Kxf1 cxd4 15.cxd4 e5
16.d5 Qh4 17.Kg1 Nc4 18.Bf2 Qxg4 19.Qd3 Nd6 20.Nc3 b6 21.a4 Rc8 22.a5 bxa5
23.Rxa5 Nxe4 24.d6 Rxc3 25.Qd5+ Kh8 26.Ra1 Qf4 27.Be1 Re3  0-1

[Event "45th Capablanca Mem Open"]
[Site "Havana CUB"]
[Date "2010.06.20"]
[Round "10"]
[White "Hevia Alejano,C"]
[Black "Castellanos Sanchez,C"]
[Result "1-0"]
[WhiteElo "2507"]
[BlackElo "2299"]

1.d4 Nf6 2.c4 g6 3.Nc3 d5 4.cxd5 Nxd5 5.e4 Nxc3 6.bxc3 Bg7 7.Nf3 O-O 8.Be3 c5
9.Qd2 cxd4 10.cxd4 Nd7 11.Bd3 Nf6 12.O-O Ng4 13.Rac1 Nxe3 14.fxe3 a6 15.e5 b5
16.Be4 Ra7 17.Rc5 Rc7 18.Rfc1 Rxc5 19.Rxc5 Be6 20.h3 Bc4 21.Bd3 Bxd3 22.Qxd3 Qb6
23.Qc2 Bh6 24.Kf2 a5 25.Rc6 Qb8 26.Qc5 b4 27.Qxa5 b3 28.Rb6 Qa8 29.Qxa8 Rxa8
30.Rxb3 Rxa2+ 31.Kf1 Kf8 32.g4 Kg8 33.Rb8+ Bf8 34.d5 Kg7 35.Ng5 h6 36.Ne4 Ra7
37.Rd8 Ra5 38.Rd7 Kg8 39.Nd2 e6 40.Ne4 Bg7 41.dxe6 fxe6 42.Rd8+ Kf7 43.Nd6+ Ke7
44.Re8+ Kd7 45.Rg8 Bxe5 46.Nc4 Rc5 47.Nxe5+ Rxe5 48.Rxg6 h5 49.Rg7+ Kd6 50.Kf2 hxg4
51.Rxg4 Rh5 52.h4 Rh8 53.Kg3 Ke5 54.Rg5+ Ke4 55.Rg6 e5 56.Rg5 Re8 57.Kf2 Rf8+
58.Ke2 Ra8 59.Rg4+ Kf5 60.Kf3 Ra1 61.Rg5+ Kf6 62.Rg3 Rh1 63.Kg4 Kg6 64.Rg2 Rf1
65.h5+ Kh6 66.Ra2 Rg1+ 67.Kf5 Rg5+ 68.Kf6 Rxh5 69.e4 Rh4 70.Rg2 Rh5 71.Rg8 Kh7
72.Re8 Rh6+ 73.Kf7 Rh5 74.Re7 Rg5 75.Kf6+ Kh6 76.Rxe5 Rg6+ 77.Kf7 Rg7+ 78.Ke6 Ra7
79.Kf6 Ra1 80.Rd5 Ra6+ 81.Ke7 Ra7+ 82.Rd7 Ra5 83.Kf6 Ra6+ 84.Kf5 Ra1 85.e5 Rf1+
86.Ke6 Kg6 87.Ra7 Rd1 88.Ke7 Rb1 89.e6 Kg7 90.Ra8 Rb2 91.Kd7 Rd2+ 92.Ke8 Rh2
93.Ra1 Rb2 94.e7 Rg2 95.Re1 Rd2 96.Rg1+ Kh7 97.Rg4 Rd1 98.Kf7 Rf1+ 99.Ke6 Re1+
100.Kf6 Kh8 101.Rg5 Kh7 102.Re5  1-0

[Event "Open"]
[Site "Teplice CZE"]
[Date "2010.06.20"]
[Round "9"]
[White "Chmelik,J"]
[Black "Kopecky,J"]
[Result "1/2-1/2"]
[WhiteElo "2096"]
[BlackElo "2023"]

1.d4 Nf6 2.c4 g6 3.Nc3 d5 4.cxd5 Nxd5 5.e4 Nxc3 6.bxc3 Bg7 7.Bc4 c5 8.Ne2 cxd4
9.cxd4 O-O 10.O-O Nc6 11.Be3 e6 12.Qd2 b6 13.Rac1 Bb7 14.f3 Na5 15.Bd3 Qd7
16.Rc2 Rfc8 17.Rfc1 Rxc2 18.Rxc2 Rc8 19.Rxc8+ Qxc8 20.Qc1 Qxc1+ 21.Nxc1 Kf8
22.Kf2 Ke7 23.Ne2 Nc6 24.a3 Bf8 25.Bc1 a6 26.Ke3 Kd7 27.Bb2 b5 28.Kd2 Bd6
29.h3 Ne7 30.Ke3 Nc8  1/2-1/2

[Event "14th FIDE Open"]
[Site "Voronezh RUS"]
[Date "2010.06.21"]
[Round "9"]
[White "Orekhov,N"]
[Black "Goroshilov,V"]
[Result "1-0"]
[WhiteElo "1869"]
[BlackElo "2082"]

1.d4 Nf6 2.c4 g6 3.Nc3 d5 4.cxd5 Nxd5 5.e4 Nxc3 6.bxc3 Bg7 7.Bb5+ Bd7 8.Bc4 c5
9.Ne2 Nc6 10.O-O O-O 11.Be3 cxd4 12.cxd4 Rc8 13.Rb1 Na5 14.Bb3 Nxb3 15.Qxb3 b5
16.d5 Rc4 17.f3 a5 18.a3 Qa8 19.Rfc1 Rfc8 20.Rxc4 Rxc4 21.Rc1 a4 22.Qb1 Qc8
23.Kf2 Qc7 24.Rxc4 Qxc4 25.Qc1 Qxc1 26.Bxc1 Kf8 27.Bd2 Bb2 28.Bb4 Ke8 29.Ke3 e6
30.Nc3 Kd8 31.dxe6 fxe6 32.Kd4 Bc1 33.Ke5 Bg5 34.g3 Be7 35.Bxe7+ Kxe7 36.Na2 Bc6
37.Nb4 Be8 38.g4 h6 39.h4 g5 40.hxg5 hxg5 41.Kd4 Kd6 42.e5+ Kc7 43.Kc5 Kb7
44.Nc2 Bd7 45.Nd4 Ka6 46.Ne2 Bc8 47.f4 gxf4 48.Nxf4 Bd7 49.Nd3 Be8 50.Nb4+ Kb7
51.Kd6 Bf7 52.Ke7 Bg8 53.g5 Bh7 54.Kxe6 Kc7 55.Kf7 Bf5 56.e6 Kd6 57.e7 Bg4
58.e8=Q Bh5+ 59.g6  1-0

[Event "70th ch-ITA S/F"]
[Site "Torino ITA"]
[Date "2010.06.22"]
[Round "3"]
[White "La Manna,A"]
[Black "Santeramo,D"]
[Result "1-0"]
[WhiteElo "2229"]
[BlackElo "1884"]

1.d4 Nf6 2.c4 g6 3.Nc3 d5 4.cxd5 Nxd5 5.e4 Nxc3 6.bxc3 Bg7 7.Bc4 c5 8.Ne2 Nc6
9.Be3 O-O 10.Rc1 cxd4 11.cxd4 Qa5+ 12.Kf1 Rd8 13.h4 e6 14.h5 Ne7 15.hxg6 hxg6
16.Ng3 Nc6 17.Qg4 b5 18.Nh5 Bxd4 19.Bg5 bxc4 20.Nf6+ Kf8 21.Rh8+ Ke7 22.Nd5+ Kd6
23.Qf4+ Be5 24.Rxd8+ Qxd8 25.Qxf7 Qxg5 26.Qc7+ Kc5 27.Rxc4+ Kxc4 28.Qxc6+ Kd4
29.Qa4+ Kd3 30.Ne3 Qxe3 31.Qb3+ Bc3 32.Qb5+ Kc2 33.fxe3 e5 34.Qb3+ Kc1 35.Qxc3+ Kb1
36.Qb3+ Kc1 37.Qc4+ Kb2 38.Qb5+ Ka3 39.Qb3+  1-0

[Event "70th ch-ITA S/F"]
[Site "Torino ITA"]
[Date "2010.06.25"]
[Round "7"]
[White "Stella,A"]
[Black "Santeramo,D"]
[Result "1-0"]
[WhiteElo "2308"]
[BlackElo "1884"]

1.d4 Nf6 2.c4 g6 3.Nc3 d5 4.cxd5 Nxd5 5.e4 Nxc3 6.bxc3 Bg7 7.Bc4 O-O 8.Ne2 c5
9.O-O Nc6 10.Be3 Na5 11.Bd3 cxd4 12.cxd4 Nc6 13.Bb5 Bd7 14.Rb1 Na5 15.Qa4 Bxb5
16.Rxb5 b6 17.Rd5 Qe8 18.Qxe8 Rfxe8 19.Rc1 e6 20.Rd7 Red8 21.Rxd8+ Rxd8 22.g4 e5
23.d5 Nb7 24.Rc7 Nd6 25.Ng3 Nb5 26.Rb7 Ra8 27.a4 Nd6 28.Rd7 Nc8 29.Rd8+  1-0

[Event "70th ch-ITA S/F"]
[Site "Torino ITA"]
[Date "2010.06.25"]
[Round "7"]
[White "Grinza,A"]
[Black "Ferro,Ma"]
[Result "1-0"]
[WhiteElo "2255"]
[BlackElo "2259"]

1.d4 Nf6 2.c4 g6 3.Nc3 d5 4.cxd5 Nxd5 5.e4 Nxc3 6.bxc3 Bg7 7.Nf3 c5 8.Rb1 Nc6
9.d5 Na5 10.Bb5+ Bd7 11.Qd3 c4 12.Qc2 O-O 13.Bxd7 Qxd7 14.O-O b6 15.Be3 e6
16.Rfd1 exd5 17.Bd4 Bxd4 18.Rxd4 Qe7 19.exd5 Rfe8 20.h3 Qf6 21.Rbd1 Rad8
22.Qd2 b5 23.Rf4 Qg7 24.Ng5 f6 25.Ne6 Rxe6 26.dxe6 Rxd2 27.Rxd2 Qe7 28.Re4 Nc6
29.Rd7 Qe8 30.Rc7 a6 31.Kf1 Ne5 32.Rd4 Nc6 33.Rd6 Kf8 34.Rdxc6 b4 35.cxb4  1-0

[Event "5th Open"]
[Site "Wroclaw POL"]
[Date "2010.06.27"]
[Round "2"]
[White "Svane,R"]
[Black "Daulyte,D"]
[Result "0-1"]
[WhiteElo "2206"]
[BlackElo "2334"]

1.d4 Nf6 2.c4 g6 3.Nc3 d5 4.cxd5 Nxd5 5.e4 Nxc3 6.bxc3 Bg7 7.Bc4 c5 8.Ne2 O-O
9.O-O Nc6 10.Be3 Na5 11.Bd3 cxd4 12.cxd4 Be6 13.d5 Bxa1 14.Qxa1 f6 15.Bh6 Re8
16.Nf4 Bf7 17.Bb5 Qd6 18.Bxe8 Rxe8 19.Qc3 b6 20.Rc1 Nb7 21.Nd3 Rd8 22.Bf4 Qd7
23.Qc6 Nd6 24.Qxd7 Rxd7 25.Bxd6 Rxd6 26.Rc8+ Kg7 27.h4 Rd7 28.Rc6 Kf8 29.Nb4 Kg7
30.f3 Be8 31.Nc2 Rb7 32.Rc3 Bd7 33.Nd4 Kf7 34.Nc6 Ke8 35.Kf2 Rc7 36.Ke3 Bxc6
37.dxc6 e5 38.f4 Ke7 39.g4 Kd6 40.f5 gxf5 41.exf5 h6 42.Ke4 Rxc6 43.Rxc6+ Kxc6
44.g5 fxg5 45.hxg5 hxg5 46.f6 Kd7 47.Kf5 e4 48.Kg6 e3 49.f7 e2 50.f8=Q e1=Q
51.Kxg5 Qe7+ 52.Qxe7+ Kxe7 53.Kf5 Kd6 54.Ke4 Kc5 55.Kd3 Kb4 56.Kc2 Ka3 57.Kb1 b5
58.Ka1 b4 59.Kb1 a6  0-1

[Event "1st Open"]
[Site "Marrakesh MAR"]
[Date "2010.06.30"]
[Round "7"]
[White "Vernay,C"]
[Black "Mikhalevski,V"]
[Result "0-1"]
[WhiteElo "2442"]
[BlackElo "2614"]

1.d4 Nf6 2.c4 g6 3.Nc3 d5 4.cxd5 Nxd5 5.e4 Nxc3 6.bxc3 Bg7 7.Bc4 c5 8.Ne2 O-O
9.O-O Nc6 10.Be3 Qc7 11.Rc1 Rd8 12.Nf4 cxd4 13.cxd4 Bxd4 14.Nd5 Qe5 15.Bxd4 Qxd4
16.Qxd4 Nxd4 17.Nxe7+ Kf8 18.Nxc8 Raxc8 19.Kh1 b5 20.Bd3 Rxc1 21.Rxc1 Nb3
22.axb3 Rxd3 23.Rb1 Ke7 24.h3 a6 25.Kh2 Kd7 26.Ra1 Rd6 27.Kg3 Kc7 28.e5 Rc6
29.b4 Kb6 30.Rd1 a5 31.bxa5+ Kxa5 32.Rd7 b4 33.Rxf7 b3 34.Ra7+ Kb5 35.Ra1 Rc3+
36.Kf4 Rc2 37.Re1 Rxf2+ 38.Kg5 b2 39.e6 Re2  0-1

[Event "Scheveningen"]
[Site "Kefar Sava ISR"]
[Date "2010.07.01"]
[Round "10"]
[White "Tarnopolsky,A"]
[Black "Ben Artzi,I"]
[Result "0-1"]
[WhiteElo "2312"]
[BlackElo "2143"]

1.d4 Nf6 2.c4 g6 3.Nc3 d5 4.cxd5 Nxd5 5.e4 Nxc3 6.bxc3 Bg7 7.Be3 c5 8.Rc1 Qa5
9.Qd2 O-O 10.Nf3 Nc6 11.d5 Rd8 12.Be2 f5 13.exf5 Bxf5 14.O-O Ne5 15.Nxe5 Bxe5
16.f4 Bg7 17.Bf3 c4 18.Rfe1 Rd7 19.Bf2 Bf6 20.g4 Bd3 21.h4 Rf8 22.Kg2 Rxd5
23.g5 Bf1+  0-1

[Event "HSG Open"]
[Site "Hilversum NED"]
[Date "2010.07.02"]
[Round "7"]
[White "Van Engen,H"]
[Black "Zimmermann,L"]
[Result "1-0"]
[WhiteElo "2161"]
[BlackElo "2057"]

1.d4 Nf6 2.c4 g6 3.Nc3 d5 4.cxd5 Nxd5 5.e4 Nxc3 6.bxc3 Bg7 7.Bc4 c5 8.Ne2 O-O
9.O-O cxd4 10.cxd4 Nc6 11.Be3 Na5 12.Bd3 b6 13.Rc1 e6 14.Qd2 Bb7 15.h4 Qd7
16.Bh6 Bxh6 17.Qxh6 Nc6 18.Bb5 a6 19.Bxc6 Bxc6 20.Ng3 Rac8 21.d5 Bb7 22.Rxc8 Rxc8
23.Rd1 exd5 24.exd5 Qg4 25.Qd2 Qxh4 26.Qb2 b5 27.Qe5 Rd8 28.Ne4 f5 29.Nf6+ Kf7
30.Qe6+ Kf8 31.d6 Qg5 32.Qg8+  1-0

[Event "FSGM July"]
[Site "Budapest HUN"]
[Date "2010.07.04"]
[Round "2"]
[White "Solomon,K"]
[Black "Kislik,E"]
[Result "1/2-1/2"]
[WhiteElo "2351"]
[BlackElo "2342"]

1.d4 Nf6 2.c4 g6 3.Nc3 d5 4.cxd5 Nxd5 5.e4 Nxc3 6.bxc3 Bg7 7.Be3 c5 8.Rc1 Qa5
9.Qd2 cxd4 10.cxd4 Qxd2+ 11.Kxd2 O-O 12.Bd3 Rd8 13.Ne2 Nc6 14.Rc4 Be6 15.d5 Ne5
16.Rc7 Bd7 17.Rxb7 e6 18.Nf4 Nxd3 19.Nxd3 exd5 20.e5 Bc6 21.Rc7 Bb5 22.Bd4 Bh6+
23.f4 Bc4 24.Rb1 Rdc8 25.Rbb7 Rxc7 26.Rxc7 a6 27.g3 Bxa2 28.Nb4 Bc4 29.Nc6 Bf8
30.e6 fxe6 31.Ne7+ Bxe7 32.Rxe7 Bb5 33.Rg7+ Kf8 34.Rxh7 Be8 35.h4 Rc8 36.g4 Rc4
37.Ke3 Rc1 38.h5 gxh5 39.gxh5 Rh1 40.h6 Bg6 41.Ra7 Rh3+ 42.Kd2 Ke8 43.Rxa6 Rxh6
44.Rxe6+ Kd7 45.Rb6 Rh2+ 46.Ke3 Ra2 47.Be5 Be4  1/2-1/2

[Event "Sparkassen Open"]
[Site "Nettetal GER"]
[Date "2010.07.05"]
[Round "3"]
[White "Toubartz,Heinz"]
[Black "Thieme,W"]
[Result "0-1"]
[WhiteElo "1726"]
[BlackElo "1953"]

1.d4 Nf6 2.c4 g6 3.Nc3 d5 4.cxd5 Nxd5 5.e4 Nxc3 6.bxc3 Bg7 7.g3 c5 8.Ne2 Bg4
9.Be3 Bf3 10.Rg1 Bxe4 11.Qb3 cxd4 12.Nxd4 O-O 13.Rd1 Qa5 14.Bc4 Nc6 15.Ke2 Ne5
16.f3 Nxc4 17.Qxc4 Bd5 18.Qb4 Qa6+ 19.Kf2 Qxa2+ 20.Rd2 Qc4 21.Qa3 e5 22.Ne2 Qc6
23.f4 Rfe8 24.fxe5 Bxe5 25.Nd4 Qf6+ 26.Ke1 Bd6  0-1

[Event "38th TCh-GRE DivA"]
[Site "Peristeri GRE"]
[Date "2010.07.05"]
[Round "1"]
[White "Pavlidis,Ana"]
[Black "Angelopoulos,G"]
[Result "1-0"]
[WhiteElo "2359"]
[BlackElo "2029"]

1.d4 Nf6 2.c4 g6 3.Nc3 d5 4.cxd5 Nxd5 5.e4 Nxc3 6.bxc3 Bg7 7.Nf3 c5 8.Rb1 O-O
9.Be2 b6 10.O-O Bb7 11.Qd3 e6 12.Bg5 Qc7 13.Qe3 Nd7 14.e5 a6 15.Nd2 b5 16.a4 bxa4
17.Be7 Rfe8 18.Bd6 Qc8 19.dxc5 Bd5 20.c4 Bc6 21.Ra1 Bf8 22.Bd1 a5 23.Bc2 Ra6
24.Ra3 Qa8 25.Bxa4 Bxa4 26.Rxa4 Qc6 27.Rfa1 Rea8 28.Nb3 Bxd6 29.cxd6 Nb6
30.Nxa5 Qxa4 31.Rxa4 Nxa4 32.Nb3 Nc5 33.h4 Nd7 34.Nc5 Ra1+ 35.Kh2 R8a3 36.Qd4 Nxc5
37.Qxc5 Rd3 38.Qb6 Rc1 39.Qd8+ Kg7 40.Qf6+ Kg8 41.h5 gxh5 42.Qg5+  1-0

[Event "ch-SWE Mastarklassen"]
[Site "Lund SWE"]
[Date "2010.07.06"]
[Round "4"]
[White "Collett,P"]
[Black "Lindh,F"]
[Result "1/2-1/2"]
[WhiteElo "2152"]
[BlackElo "2168"]

1.d4 Nf6 2.c4 g6 3.Nc3 d5 4.cxd5 Nxd5 5.e4 Nxc3 6.bxc3 Bg7 7.Nf3 c5 8.Rb1 O-O
9.Be2 Nc6 10.d5 Ne5 11.Nxe5 Bxe5 12.Qd2 e6 13.f4 Bc7 14.O-O exd5 15.exd5 Ba5
16.f5 Bxf5 17.Rxb7 Qd6 18.Rb5 Bc7 19.g3 c4 20.Rxf5 gxf5 21.Ba3 Qxa3 22.Qg5+ Kh8
23.Qf6+  1/2-1/2

[Event "ch-SWE Mastarklassen"]
[Site "Lund SWE"]
[Date "2010.07.06"]
[Round "4"]
[White "Nizov,Anton"]
[Black "Nylen,A"]
[Result "1/2-1/2"]
[WhiteElo "2035"]
[BlackElo "2151"]

1.d4 Nf6 2.c4 g6 3.Nc3 d5 4.cxd5 Nxd5 5.e4 Nxc3 6.bxc3 Bg7 7.Nf3 c5 8.Rb1 O-O
9.Be2 cxd4 10.cxd4 Qa5+ 11.Bd2 Qxa2 12.O-O a5 13.Qc1 Qe6 14.Bd3 a4 15.d5 Qd7
16.Bf4 a3 17.Bb5 Qg4 18.e5 Bf5 19.Rb4 Rc8 20.Qa1 Bd7 21.Bd3 Na6 22.Rd4 Nc5
23.Bc2 Ba4 24.Bh6 Bxc2 25.Rxg4 Bxh6 26.Nd4 Nb3 27.Qa2 Nxd4 28.Rxd4 Rc3 29.f4 Bb3
30.Qa1 Rc5 31.Rf3 Rb5 32.Rdd3 Bxd5 33.Rxa3 Rc8 34.Rf2 Rbc5 35.Ra8 e6 36.Rxc8+ Rxc8
37.g3 Bf8 38.Kf1 Bc5 39.Rc2 b6 40.Qc3 Ra8 41.Qd2 Rd8 42.Qc1 Rc8 43.Qd2  1/2-1/2

[Event "85th ch-ARG"]
[Site "Buenos Aires ARG"]
[Date "2010.07.07"]
[Round "3"]
[White "Garcia,Rai"]
[Black "Lida Garcia,F"]
[Result "1-0"]
[WhiteElo "2314"]
[BlackElo "2055"]

1.c4 Nf6 2.Nc3 d5 3.cxd5 Nxd5 4.d4 g6 5.e4 Nxc3 6.bxc3 Bg7 7.Bc4 O-O 8.Ne2 Nc6
9.O-O b6 10.Bg5 h6 11.Be3 Bb7 12.Qd2 Kh7 13.Rad1 Na5 14.Bd3 c5 15.d5 Qd7
16.c4 Ba6 17.Qc2 Rad8 18.f4 e5 19.f5 Qe7 20.Rf3 g5 21.Rdf1 Rd6 22.Ng3 Bf6
23.Nh5 Rg8 24.g4 Qe8 25.Kg2 Bc8 26.Rh1 Bd8 27.Bc1 Rh8 28.Qc3 f6 29.h4 Kg8
30.Rfh3 Qa4 31.hxg5 Qxa2+ 32.Bb2 Qb3 33.gxf6 Kf7 34.Qxb3 Nxb3 35.Bxe5 Rd7
36.Bc3  1-0

[Event "XXXIII Open"]
[Site "Barbera del Valles ESP"]
[Date "2010.07.08"]
[Round "5"]
[White "Bhat,V"]
[Black "Fluvia Poyatos,Jor"]
[Result "0-1"]
[WhiteElo "2536"]
[BlackElo "2467"]

1.d4 Nf6 2.c4 g6 3.Nc3 d5 4.cxd5 Nxd5 5.e4 Nxc3 6.bxc3 Bg7 7.Bc4 c5 8.Ne2 Nc6
9.Be3 O-O 10.O-O Qc7 11.Rb1 a6 12.a4 Rd8 13.Qc1 Qa5 14.d5 Ne5 15.Bb3 Bd7
16.Qa3 Rdc8 17.h3 Bb5 18.Bd1 Bd3 19.Rxb7 Nc4 20.Qc1 Nd6 21.Rxe7 Qd8 22.e5 Qxe7
23.exd6 Qxd6 24.Re1 Qxd5 25.Nf4 Qc4 26.Nxd3 Qxd3 27.Bf3 Ra7 28.c4 Qc3 29.Qxc3 Bxc3
30.Rb1 Bd4 31.Bh6 Be5 32.Be3 Re7 33.Kf1 Bd4 34.Bh6 Ree8 35.Bf4 g5 36.Bxg5 Rb8
37.Bb7 Kg7 38.Rb6 Be5 39.Bh6+ Kg8 40.a5 Bc7 41.Rb3 Re6 42.Bg5 Bxa5 43.g4 Bc7
44.Be3 Bd6 45.Ke2 Re7 46.Rd3 Rbxb7 47.Rxd6 Re6 48.Rd8+ Kg7 49.Rc8 a5 50.Rxc5 Ra6
51.Bd4+ Kf8 52.Rb5 Rd7 53.Rb8+ Ke7 54.Bc5+ Ke6 55.Ke3 Rc7 56.Rb6+ Rc6 57.Rxc6+ Rxc6
58.Kd4 a4 59.Bb4 Ra6  0-1

[Event "IsBank TCh-TUR"]
[Site "Konya TUR"]
[Date "2010.07.08"]
[Round "13"]
[White "Buyukasik,Betul"]
[Black "Danelia,M"]
[Result "0-1"]
[WhiteElo "1670"]
[BlackElo "2203"]

1.d4 Nf6 2.c4 g6 3.Nc3 d5 4.cxd5 Nxd5 5.e4 Nxc3 6.bxc3 Bg7 7.Bc4 c5 8.Ne2 Nc6
9.Be3 O-O 10.O-O Na5 11.Bd3 b6 12.Qd2 Bb7 13.Rac1 Rc8 14.Rfd1 e5 15.d5 f5
16.f4 fxe4 17.Bxe4 Nc4 18.Qd3 Nb2 19.Qd2 Nxd1 20.Rxd1 Qd6 21.c4 Rce8 22.Bc2 Ba6
23.Bb3 Bc8 24.fxe5 Rxe5  0-1

[Event "ch-Paris Int"]
[Site "Paris FRA"]
[Date "2010.07.08"]
[Round "6"]
[White "Vidit,S"]
[Black "Bernard,Ch"]
[Result "1/2-1/2"]
[WhiteElo "2492"]
[BlackElo "2356"]

1.d4 Nf6 2.c4 g6 3.Nc3 d5 4.cxd5 Nxd5 5.e4 Nxc3 6.bxc3 Bg7 7.Nf3 c5 8.Be3 Qa5
9.Qd2 Nc6 10.Rb1 cxd4 11.cxd4 Qxd2+ 12.Kxd2 O-O 13.d5 Rd8 14.Bd3 Na5 15.Ke2 f5
16.Rhc1 b6 17.Ng5 fxe4 18.Bxe4 Ba6+ 19.Ke1 Rac8 20.Ne6 Rd7 21.Rxc8+ Bxc8
22.Bd2 Nc4 23.Rc1 Nd6 24.Bc2 Bb2 25.Rd1 Nc4 26.Bf4 Bc3+ 27.Ke2 Nb2 28.Rc1 Ba6+
29.Kf3 Bf6 30.Bb3 Nd3 31.Rc7 Rxc7 32.Nxc7 Bb7 33.Bg3 Nc5 34.Bc4 e6 35.Ke3 b5
36.Nxb5 exd5 37.Be2 a6 38.Nd4 Ne4  1/2-1/2

[Event "38th TCh-GRE DivA"]
[Site "Peristeri GRE"]
[Date "2010.07.08"]
[Round "4"]
[White "Nikolaidis,I"]
[Black "Ivanchuk,V"]
[Result "0-1"]
[WhiteElo "2493"]
[BlackElo "2739"]

1.d4 Nf6 2.c4 g6 3.Nc3 d5 4.cxd5 Nxd5 5.e4 Nxc3 6.bxc3 Bg7 7.Bc4 c5 8.Ne2 Nc6
9.Be3 O-O 10.h4 Qa5 11.Kf1 b6 12.h5 Ba6 13.Bxa6 Qxa6 14.hxg6 hxg6 15.Kg1 Rfd8
16.Qd2 Qa4 17.Bh6 Bh8 18.Qe3 cxd4 19.Qh3 dxc3 20.Bd2 Be5 21.Qh7+ Kf8 22.Nxc3 Qc2
23.f4 Rxd2  0-1

[Event "XXXIII Open"]
[Site "Barbera del Valles ESP"]
[Date "2010.07.10"]
[Round "7"]
[White "Silva Rodriguez,F"]
[Black "Chuturkov,M"]
[Result "1-0"]
[WhiteElo "2115"]
[BlackElo "2145"]

1.d4 Nf6 2.c4 g6 3.Nc3 d5 4.cxd5 Nxd5 5.e4 Nxc3 6.bxc3 Bg7 7.Qa4+ Nd7 8.Nf3 O-O
9.Be2 c5 10.Qc2 cxd4 11.cxd4 Nb6 12.Bb2 Bd7 13.a4 Rc8 14.Qb3 Qc7 15.Bd3 Bg4
16.Nd2 Bxd4 17.O-O Bxb2 18.Qxb2 Qc3 19.Qxc3 Rxc3 20.Bb5 a6 21.a5 Nc8 22.Ba4 Rd8
23.Nb3 Be6 24.Rfb1 f6 25.f3 Nd6 26.Kf2 Kf8 27.h4 h5 28.Nc1 Bc4 29.Ne2 Bxe2
30.Kxe2 Rc5 31.Bb3 Nb5 32.Kf1 Rd2 33.Rc1 Rxc1+ 34.Rxc1 Nd6 35.Bd5 g5 36.hxg5 fxg5
37.Rc5 Kg7 38.e5 Nf5 39.Bxb7 Rb2 40.Bxa6 Ne3+ 41.Kg1 Rxg2+ 42.Kh1 Rd2 43.Bc8 g4
44.fxg4 hxg4 45.Rc3 Re2 46.Ba6 Re1+ 47.Kh2 Kh6 48.Kg3 Nd5 49.Ra3 Kg5 50.Bc8 Rg1+
51.Kf2 Rc1 52.Bb7 Rc2+ 53.Kg1 Nc3 54.a6 Kf4 55.a7 Rc1+ 56.Kg2 Rc2+ 57.Kg1 Rc1+
58.Kh2 Rc2+ 59.Bg2 Na4 60.Rxa4+  1-0

[Event "85th ch-ARG"]
[Site "Buenos Aires ARG"]
[Date "2010.07.10"]
[Round "6"]
[White "Peralta,Fe"]
[Black "Ricardi,P"]
[Result "1/2-1/2"]
[WhiteElo "2570"]
[BlackElo "2512"]

1.d4 Nf6 2.c4 g6 3.Nc3 d5 4.cxd5 Nxd5 5.e4 Nxc3 6.bxc3 Bg7 7.Bc4 c5 8.Ne2 Nc6
9.Be3 O-O 10.O-O Bg4 11.f3 cxd4 12.cxd4 Bd7 13.Rb1 a6 14.d5 Ne5 15.Bb3 Rc8
16.Bd4 b5 17.f4 Nc4 18.Rc1 e5 19.fxe5 Nxe5 20.Rxc8 Qxc8 21.Qd2 Qb8  1/2-1/2

[Event "38th TCh-GRE DivA"]
[Site "Peristeri GRE"]
[Date "2010.07.10"]
[Round "6"]
[White "Noutsos,S"]
[Black "Naoum,S"]
[Result "0-1"]
[WhiteElo "1575"]
[BlackElo "1884"]

1.d4 Nf6 2.c4 g6 3.Nc3 d5 4.cxd5 Nxd5 5.e4 Nxc3 6.bxc3 Bg7 7.Bc4 c5 8.Ne2 Nc6
9.Be3 cxd4 10.cxd4 Qa5+ 11.Bd2 Qa3 12.O-O O-O 13.Rb1 Qd6 14.d5 Ne5 15.Bb4 Qd7
16.Bb3 a5 17.Bc5 b5 18.f4 Qc7 19.Bd4 Nc4 20.Bxg7 Kxg7 21.Qd4+ Kg8 22.Rfc1 Ba6
23.a4 Rfc8 24.axb5 Bxb5 25.Bxc4 Bxc4 26.Rc3 Bb5 27.Rcc1 Bc4 28.Rc3 a4 29.Rb4 a3
30.Nc1 a2 31.Nxa2 Rxa2 32.Rbxc4 Ra1+ 33.Kf2 Qxf4+ 34.Ke2 Qf1+ 35.Ke3 Re1+  0-1

[Event "7th South Wales Int"]
[Site "Treforest WLS"]
[Date "2010.07.12"]
[Round "4"]
[White "Harley Yeo,G"]
[Black "Guy,D"]
[Result "1/2-1/2"]
[WhiteElo "2024"]
[BlackElo "1956"]

1.d4 Nf6 2.c4 g6 3.Nc3 d5 4.cxd5 Nxd5 5.e4 Nxc3 6.bxc3 Bg7 7.Bc4 c5 8.Ne2 Nc6
9.Be3 cxd4 10.cxd4 b5 11.Bd5 Qa5+ 12.Bd2 Qb6 13.O-O O-O 14.Rc1 Bb7 15.Bxc6 Bxc6
16.d5 Bd7 17.Be3 Qa5 18.Qb3 Rfc8 19.Bd4 Bxd4 20.Nxd4 Rxc1 21.Rxc1 Qd2 22.Rd1 Qf4
23.Qd3 a6 24.g3 Qd6 25.Rc1 Rc8 26.Rxc8+ Bxc8 27.Qc3 Bh3 28.f3 h5 29.a3 Qb6
30.Kf2 a5 31.Ke2 b4 32.axb4 axb4 33.Qe3 Qa6+ 34.Kd1 Qa1+ 35.Ke2 Qa6+ 36.Kd1 Qa1+
37.Ke2 Qa6+  1/2-1/2

[Event "5th Summer Cup"]
[Site "Porto Carras GRE"]
[Date "2010.07.13"]
[Round "4"]
[White "Papadopoulos,Panay"]
[Black "Urosevic,G"]
[Result "1/2-1/2"]
[WhiteElo "1951"]
[BlackElo "2225"]

1.d4 Nf6 2.c4 g6 3.Nc3 d5 4.cxd5 Nxd5 5.e4 Nxc3 6.bxc3 Bg7 7.Qa4+ Qd7 8.Qxd7+ Bxd7
9.Nf3 c5 10.Bc4 Nc6 11.Be3 Bg4 12.Bb5 O-O 13.Bxc6 bxc6 14.O-O Rfd8 15.Ne5 cxd4
16.cxd4 Bxe5 17.dxe5 f6 18.Rfc1 Bd7 19.e6 Bxe6  1/2-1/2